| 000 | 00511nam a22001817a 4500 | ||
|---|---|---|---|
| 003 | CEME | ||
| 005 | 20210628201927.0 | ||
| 008 | 210208b xxu||||| |||| 00| 0 eng d | ||
| 020 | _a81-203-2380-7 | ||
| 040 | _c. | ||
| 082 | _a621.382 PAH | ||
| 100 |
_aPahlavan, Kaveh ,Krishnamurthy, Prashant _957455 |
||
| 245 | _aPrinciples of wireless networks ,a unified approach | ||
| 260 |
_aNEW DELHI _bPRENTICE HALL OF INDIA _c2004 |
||
| 300 | _aXIII,582P | ||
| 650 |
_aWIRELESS NETWORKS _957456 |
||
| 942 |
_cBK _2ddc |
||
| 999 |
_c567733 _d567733 |
||